Calculus / (Record no. 217729)
[ view plain ]
| 000 -LEADER | |
|---|---|
| fixed length control field | 00966 a2200181 4500 |
| 003 - CONTROL NUMBER IDENTIFIER | |
| control field | NUST |
| 005 - DATE AND TIME OF LATEST TRANSACTION | |
| control field | 20221117125553.0 |
| 020 ## - INTERNATIONAL STANDARD BOOK NUMBER | |
| International Standard Book Number | 0-534-05592-3 |
| 040 ## - CATALOGING SOURCE | |
| Transcribing agency | Nust |
| 082 1# - DEWEY DECIMAL CLASSIFICATION NUMBER | |
| Classification number | 515,HUR |
| 100 1# - MAIN ENTRY--PERSONAL NAME | |
| Personal name | Hurley, James Frederick, |
| 9 (RLIN) | 102849 |
| 245 00 - TITLE STATEMENT | |
| Title | Calculus / |
| Statement of responsibility, etc. | James F. Hurley |
| 260 ## - PUBLICATION, DISTRIBUTION, ETC. | |
| Place of publication, distribution, etc. | Belmont, Calif. : |
| Name of publisher, distributor, etc. | Wadsworth Pub. Co., |
| Date of publication, distribution, etc. | c1987 |
| 300 ## - PHYSICAL DESCRIPTION | |
| Extent | 1061 p.: |
| 505 ## - FORMATTED CONTENTS NOTE | |
| Formatted contents note | Functions and Limits (Page-3), Derivatives (Page-62), Applications of Differentiation (Page-140), Integrals (Page-227), Applications of Integration (Page-280), Further Transcendental Functions (Page-335), Techniques of Integration (Page-422), Some Plane analytic Geometry (Page-479), Infinite Sequences and Series (Page-546), Vector and Scalar Functions (Page-683), Differentiation of Scalar Functions (Page-745), Multiples Integration (Page-833), Vector Calculus (Page-901), Differential Equations (Page-989), Appendices (Page-A1). |
| 650 #0 - SUBJECT ADDED ENTRY--TOPICAL TERM | |
| Topical term or geographic name entry element | Calculus |
| 942 ## - ADDED ENTRY ELEMENTS (KOHA) | |
| Source of classification or shelving scheme | |
| Koha item type | Book |
| Call number prefix | 515,HUR |
| Withdrawn status | Lost status | Source of classification or shelving scheme | Damaged status | Not for loan | Permanent Location | Current Location | Shelving location | Date acquired | Full call number | Barcode | Date last seen | Price effective from | Koha item type | Public note |
|---|---|---|---|---|---|---|---|---|---|---|---|---|---|---|
| Military College of Signals (MCS) | Military College of Signals (MCS) | General Stacks | 12/12/2016 | 515,HUR | MCS20700 | 12/08/2016 | 12/12/2016 | Book | Almirah No.13, Shelf No.1 |
